Historia de la pedagogía / (Record no. 184088)

MARC details
000 -LEADER
campo de control de longitud fija 01229nam a2200313 i 4500
001 - NÚMERO DE CONTROL
campo de control 184088
003 - IDENTIFICADOR DE NÚMERO DE CONTROL
campo de control ES-MaACL
005 - FECHA Y HORA DE LA ÚLTIMA TRANSACCIÓN
campo de control 20250829125559.0
008 - DATOS DE LONGITUD FIJA--INFORMACIÓN GENERAL
campo de control de longitud fija 150313s1973 sp | |||| ||spa d
020 ## - NÚMERO INTERNACIONAL ESTÁNDAR DEL LIBRO
Número Internacional Estándar del Libro 84-281-0255-4
080 ## - NÚMERO DE LA CLASIFICACIÓN DECIMAL UNIVERSAL
Número de la Clasificación Decimal Universal 37.013(091)
245 00 - MENCIÓN DEL TÍTULO
Título Historia de la pedagogía /
Mención de responsabilidad, etc. Janine Assa ... [et al.] ; versión castellana de Prudenci Comes.
250 ## - MENCION DE EDICION
Mención de edición 1ª ed. en lengua castellana.
260 ## - PUBLICACIÓN, DISTRIBUCIÓN, ETC.
Lugar de publicación, distribución, etc. Barcelona :
Nombre del editor, distribuidor, etc. Oikos-Tau,
Fecha de publicación, distribución, etc. 1973.
300 ## - DESCRIPCIÓN FÍSICA
Extensión 1 v. (308 p.) ;
Dimensiones 20 cm.
490 1# - MENCIÓN DE SERIE
Mención de serie Tratado de ciencias pedagógicas ;
Designación de volumen o secuencia 2
500 ## - NOTA GENERAL
Nota general Índices.
504 ## - NOTA DE BIBLIOGRAFÍA, ETC.
Nota de bibliografía, etc. Referencias bibliográficas.
505 8# - NOTA DE CONTENIDO CON FORMATO
Nota de contenido con formato Contiene: 1 ;
Título La Antigüedad /
Mención de responsabilidad por Janine Assa. --
Título La Edad Media /
Mención de responsabilidad por Arnould Clausse. --
Título El Renacimiento /
Mención de responsabilidad por Maurice Debesse
598 ## - NOTA LOCAL
Nota local Tratado de ciencias pedagógicas / bajo la dirección de Maurice Debesse y Gaston Mialaret.
650 #7 - PUNTO DE ACCESO ADICIONAL DE MATERIA--TÉRMINO DE MATERIA
Término de materia o nombre geográfico como elemento de entrada Pedagogía-
Subdivisión de forma Historia
Fuente del encabezamiento o término
9 (RLIN) 156554
700 1# - ENTRADA AGREGADA--NOMBRE PERSONAL
Nombre de persona Assa, Janine.
9 (RLIN) 156555
700 1# - ENTRADA AGREGADA--NOMBRE PERSONAL
Nombre de persona Comes, Prudenci.
9 (RLIN) 39997
700 1# - ENTRADA AGREGADA--NOMBRE PERSONAL
Nombre de persona Clausse, Arnould.
9 (RLIN) 39102
700 1# - ENTRADA AGREGADA--NOMBRE PERSONAL
Nombre de persona Debesse, Maurice.
9 (RLIN) 43120
830 0# - PUNTO DE ACCESO ADICIONAL DE SERIE-TÍTULO UNIFORME
Título uniforme Tratado de ciencias pedagógicas ;
Designación de volumen o secuencia 2
9 (RLIN) 192029
852 ## - LOCALIZACIÓN
Ubicación ES-MaACL
Número de control de estantería E-15484
Nota libre . - enc. cart.
Holdings
Estatus retirado Estado de pérdida Estado de daño No para préstamo Biblioteca de origen Biblioteca actual Ubicación en estantería Fecha de adquisición Fuente de adquisición Total de préstamos Signatura topográfica completa Código de barras Visto por última vez Precio de reemplazo Tipo de ítem Koha
        Biblioteca del Ateneo de Madrid Biblioteca del Ateneo de Madrid Depósito 2 13/03/2015     E-15484 1193600 23/02/2023 23/02/2023 Libro impreso